| 000 | 00354nam a22001457a 4500 | ||
|---|---|---|---|
| 020 | _a0-08-022707-4 | ||
| 082 | _a671.73 GAB'P | ||
| 100 |
_aGABE, D. R _975341 |
||
| 245 | _aPRINCIPLES OF METAL SURFACE TREATMENT AND PROTECTION | ||
| 250 | _a2ND | ||
| 260 |
_aOXFORD _bPERGMAN _c1978 |
||
| 300 | _a211P | ||
| 650 |
_aMETAL COATING _975342 |
||
| 942 | _cBK | ||
| 999 |
_c580775 _d580775 |
||